00624nam a2200193Ia 4500008004100000020002900041040001900070041001200089082002500101100002200126245010800148260003200256300001000288440002100298650002800319651003900347700002600386850001800412140110s9999 xx 000 0 und d a9780140443127cRs.599.00 aLoreto College aEnglish a842/CORbLCLIB/47999 aCorneille, Pierre 4aThe Cid/Cinna/the theatrical illusioncPierre Corneille. Translated and introduction by John Cairncross aLondonbPenguin Booksc1975 a281p. aPenguin Classics aFrench literature-drama aDrama-French-Translated in English aCairncross, John, tr. aLCLIB/842/COR